Statistics for -Graphy Words

Click here to take the quiz!

General Stats

  • This quiz has been taken 32,558 times
  • The average score is 11 of 18

Answer Stats

DescriptionGraphy% Correct
Taking picturesPhotography
98%
Account of a person's lifeBiography
97%
Self-account of a person's lifeAutobiography
91%
Study of features on the Earth's surfaceGeography
84%
Sexually arousing materialPornography
84%
Fancy handwritingCalligraphy
81%
List of books used as sourcesBibliography
77%
Arranging dance movesChoreography 
75%
Map-makingCartography
71%
Like the above, but for moviesCinematography
67%
List of a director or actor's moviesFilmography
61%
List of a musical artist's
recordings
Discography
57%
The study of shapes and elevations
on a surface
Topography
36%
Encoding informationCryptography
34%
Study of human populationsDemography
28%
Writing shorthandStenography
27%
Desiging fontsTypography
22%
The study of saintsHagiography
11%

Score Distribution

Percentile by Number Answered

Percent of People with Each Score

Your Score History

You have not taken this quiz